=LDR 00000nam 2200000 4500 =001 INLIS000000000053697 =005 20190115113011 =035 ##$$a 0010-0119000013 =007 ta =008 190115###########################0###### =020 ##$$a 03-01-247-2 =082 ##$$a 510.7 =084 ##$$a 510.7 Suk m.i3 =100 #$$a Drs, Sukino =245 1#$$a matematika sltp IB kelas 1 caturwulan 2 kurikulum 1994 =260 ##$$a Jakarta :$b erlangga,$c 1995 =300 ##$$a 156 hlm : $b ilus ; $c 25 cm =990 ##$$a 00600060 =990 ##$$a 116.367/pro-97 =990 ##$$a 116.367/pro-97